[Event "St Petersburg Korchnoi Memorial op"]
[Site "St Petersburg"]
[Date "2023.08.22"]
[Round "7"]
[White "Galakhanova, Evelina"]
[Black "Samoilov, Andrey"]
[Result "1/2-1/2"]
[WhiteElo "1747"]
[BlackElo "1936"]
[PlyCount "82"]
[EventDate "2023.08.18"]
[EventType "swiss"]
[EventRounds "9"]
[EventCountry "RUS"]
[SourceTitle "EXT 2024"]
[Source "ChessBase"]
[SourceDate "2023.10.10"]
[SourceVersion "1"]
[SourceVersionDate "2023.10.10"]
[SourceQuality "1"]

1. d4 d5 2. c4 e6 3. g3 Nf6 4. Bg2 dxc4 5. Nf3 c5 6. 0-0 Nc6 7. dxc5 Qxd1 8. Rxd1 Bxc5 9. Nbd2 c3 10. bxc3 0-0 11. Nb3 Be7 12. Nfd4 Bd7 13. Nxc6 Bxc6 14. Bxc6 bxc6 15. Na5 Bc5 16. Nb3 Bb6 17. Ba3 Rfd8 18. Rxd8+ Rxd8 19. Be7 Rd7 20. Bxf6 gxf6 21. a4 a6 22. Kf1 Kf8 23. e3 Ke7 24. Ke2 Rb7 25. Rb1 Bc7 26. Nd2 Rxb1 27. Nxb1 Kd6 28. Kd3 f5 29. Nd2 h6 30. f4 f6 31. e4 fxe4+ 32. Nxe4+ Ke7 33. Nc5 a5 34. Nb3 Bb6 35. g4 Kd6 36. Ke4 Bd8 37. c4 Ke7 38. c5 Kd7 39. h4 Ke8 40. Nd4 Kd7 41. Nb3 Ke8 1/2-1/2